| 000 | 00953nam a22002657a 4500 | ||
|---|---|---|---|
| 003 | |||
| 005 | 20250924063856.0 | ||
| 007 | cr |||a ||||| | ||
| 008 | 250606s2020 ec a|||foz||| 001 0 spa d | ||
| 020 | _a9789978775073 | ||
| 040 |
_aMX-MxUPN _bspa _cMX-MxUPN _eaacr2 |
||
| 041 | 0 | _aspa | |
| 049 | _aCAA | ||
| 050 | 1 | 4 | _aLB1027 |
| 100 | 1 |
_aCano de la Cruz, Yullio _956861 |
|
| 245 | 1 | 0 |
_aDidáctica general : _buna aproximación a su estudio _h[recurso electrónico en línea] |
| 260 |
_aSanto Domingo, Ecuador : _bCentro de Publicaciones de la Pontificia Universidad Católica del Ecuador, _c2020 |
||
| 300 |
_a1 recurso en línea (171 páginas) : _bPDF |
||
| 506 | 0 | _aAcceso abierto. | |
| 650 | 4 |
_aEducación _xEstudio y enseñanza _91553 |
|
| 650 | 4 |
_aMedios didácticos _920230 |
|
| 856 | 4 | 0 | _3https://repositorio.puce.edu.ec/handle/123456789/1137 |
| 902 |
_aMaiella Martínez/06062025 _bBerenice Martínez 230925 |
||
| 942 |
_2lcc _cLIBRO-E |
||
| 999 |
_c213449 _d213449 |
||